00313nam a2200121Ia 4500008004100000041000800041082001500049100002000064245003300084260003900117300002400156365001100180240624s9999 xx 000 0 und d aeng a658.56 WEB aWEBER RICHARD T aBUYING AND SUPPLYING QUALITY c1996aNew DelhibTata McGraw- Hill a264 : p. : cm. ; 22 cRSb40